000
00245nam a2200085Ia 4500
245
0
_a
Leadership through people skills
100
_a
LEFTON, Robert Eugene New York, 2004
_9
104797
942
_c
BK
008
210818s9999 xx 000 0 und d
999
_c
477018
_d
477017